LEADER 01090nam0 2200313 450 001 000014007 005 20080704124510.0 010 $a978-88-244-6024-8 100 $a20080704d2008----km-y0itay50------ba 101 0 $aita 102 $aIT 105 $ay-------001yy 200 1 $aCodice civile e di procedura civile$ee leggi complementari$fa cura di Fausto Izzo e Marcello Iacobellis 210 $aNapoli$cSimone$dstampa 2008 215 $a2199 p.$d16 cm 225 2 $aMinor$v504/4 300 $aIn cop.: Aggiornati alla L. 24/12/2007, n. 244 (Finanziaria 2008); D.M. 12/12/2007 (Saggio di interesse legale); D.Lgs. 12/9/2007, n. 169 (Correttivo legge fallimentare) 410 0$12001$aMinor 610 1 $aCodice civile 610 1 $aCodice procedura civile 676 $a348.023$v20 702 1$aIzzo,$bFausto 702 1$aIacobellis,$bMarcello 710 02$aItalia$0423419 801 0$aIT$bUNIPARTHENOPE$c20080704$gRICA$2UNIMARC 912 $a000014007 951 $a348-C/102$b40616$cNAVA1$d2008 996 $aCodice civile e di procedura civile$91070401 997 $aUNIPARTHENOPE